Al Matāḥif wa al- ḥaḍārat wa al- tanmiyaẗ : maḥāḍir liqāʼ, 26-30 Abrīl 1994

محفوظ في:

المؤلف الرئيسي: Conseil international des musées.

التنسيق: كتاب

اللغة: Undetermined

منشور في: ʻAmmān : (Maison de l'UNESCO, 1 rue Miollis, 75732 Cedex 15),, 1995.

الموضوعات:

الوسوم: إضافة وسم

لا توجد وسوم, كن أول من يضع وسما على هذه التسجيلة!

رقم الطلب: AM79.4 .E5312

LEADER 00611nam a2200157Ia 4500
008 240329s9999||||xx |||||||||||||| ||und||
020 |a 9789290126270  
050 4 |a AM79.4 .E5312 
100 1 |a Conseil international des musées. 
245 1 0 |a Al Matāḥif wa al- ḥaḍārat wa al- tanmiyaẗ : maḥāḍir liqāʼ, 26-30 Abrīl 1994  |c Conseil international des musées 
264 1 |a ʻAmmān :  |b (Maison de l'UNESCO, 1 rue Miollis, 75732 Cedex 15),,  |c 1995. 
300 |a  469 .  |c 24 cm 
500 |a Résumé en arabe, anglais et français  
650 |a Musées Pays arabes Congrès  
942 |2 lcc  |c BK 
999 |c 57688  |d 57688